000 00660nam a2200229Ia 4500
003 OSt
005 20220923225549.0
006 a|||||r|||| 00| 0
007 ta
008 Pun
024 _a271,341
037 _cTextual
040 _aARTS
_cARTS
_bPun
041 _2Pun
_aPun
082 _aO153:g, M5
100 _aਖ਼ਾਸਟ, ਹਾਵਰਡ
_9156290
245 0 _aਸਾਹਿਤ ਅਤੇ ਯਥਾਰਥ
260 _aਚੰਡੀਗੜ
_b ਲੋਕਾਇਤ ਪ੍ਰਕਾFਨ
_c1985
650 _aਪੰਜਾਬੀ ਸਾਹਿਤ
942 _hO153:g, M5
_cTEXL
_2CC
999 _c379157
_d379157